000 00896aam a2200313 i 4500
001 768714001
003 CO-MdFUSB
005 20250503123528.0
007 ta
008 250503t1980 sp |||| |||| 00| 0 spa d
020 _a84-7228-506-5
040 _cCO-MdFUSB
041 0 _aspa
082 0 4 _223
_a241
_bO751h
100 1 _aOrr, J. Edwin
_eautor
240 _aCandid questions about morality
245 1 0 _aHablando con franqueza sobre temas de moral
_c/ J. Edward Orr ; traducido por Xavier Vila
264 1 _bClie,
_aTerrassa, Barcelona, España :
_c[1980]
264 4 _c©1980
300 _a171 páginas
336 _atexto
_btxt
_2rdacontent
337 _2rdamedia
_asin mediación
_bn
338 _2rdacarrier
_avolumen
_bnc
563 _aRústico
650 7 _aÉtica cristiana
_9185
700 _aVila, Xavier.
_92156
_etraductor
942 _cBK
945 _aJTF-925
999 _c35370
_d35370